| 000 | 00396nam a22001697a 4500 | ||
|---|---|---|---|
| 005 | 20251104112909.0 | ||
| 020 | _a978-93-5271-875-7 | ||
| 041 | _aEnglish | ||
| 082 | _a332.6457 R24 YAR | ||
| 100 | _aYaragol.B.Prakash | ||
| 245 | _aFinancial Derivatives (Text & Cases) | ||
| 250 | _a1 | ||
| 260 |
_aNoida _bVikas Publishing House _c2024 |
||
| 300 | _a427 | ||
| 365 | _b495.00 | ||
| 942 | _cBK | ||
| 999 |
_c176398 _d176398 |
||